| 000 | 00571nam a22001817a 4500 | ||
|---|---|---|---|
| 003 | PILC | ||
| 005 | 20150907073551.0 | ||
| 008 | 150907b xxu||||| |||| 00| 0 eng d | ||
| 020 | _a9714206073 | ||
| 050 |
_aQA 154 _b.M828 2005 |
||
| 100 | _aMorala, Norma C. | ||
| 245 |
_aCollege algebra (worktext) / _cNorma C. Morala (and 5 others). |
||
| 260 |
_aBulacan : _bTrinitas Publishing, Inc., _c2005. |
||
| 300 |
_a173 pages : _billustrations ; _c26 cm. |
||
| 500 | _aIncludes bibliographical references, index and glossary. | ||
| 650 | _aAlgebra. | ||
| 942 |
_2lcc _cBK _kFIL |
||
| 999 |
_c288614 _d288614 |
||